<?xml version="1.0" encoding="UTF-8"?>
<record
    xmlns:xsi="http://www.w3.org/2001/XMLSchema-instance"
    xsi:schemaLocation="http://www.loc.gov/MARC21/slim http://www.loc.gov/standards/marcxml/schema/MARC21slim.xsd"
    xmlns="http://www.loc.gov/MARC21/slim">

  <leader>01301cam a2200361 a 4500</leader>
  <controlfield tag="001">12847912</controlfield>
  <controlfield tag="003">OSt</controlfield>
  <controlfield tag="005">20151112142817.0</controlfield>
  <controlfield tag="008">020709s2004    mauab    b    000 0 eng  </controlfield>
  <datafield tag="010" ind1=" " ind2=" ">
    <subfield code="a">  2002109689</subfield>
  </datafield>
  <datafield tag="020" ind1=" " ind2=" ">
    <subfield code="a">9780618312924 (v. 1)</subfield>
  </datafield>
  <datafield tag="020" ind1=" " ind2=" ">
    <subfield code="a">0618312927 (v. 1)</subfield>
  </datafield>
  <datafield tag="020" ind1=" " ind2=" ">
    <subfield code="a">9780618312931 (v. 2)</subfield>
  </datafield>
  <datafield tag="020" ind1=" " ind2=" ">
    <subfield code="a">0618312935 (v. 2)</subfield>
  </datafield>
  <datafield tag="035" ind1=" " ind2=" ">
    <subfield code="a">(OCoLC)ocm52443147</subfield>
  </datafield>
  <datafield tag="040" ind1=" " ind2=" ">
    <subfield code="a">GZQ</subfield>
    <subfield code="c">GZQ</subfield>
    <subfield code="d">BAKER</subfield>
    <subfield code="d">DLC</subfield>
  </datafield>
  <datafield tag="042" ind1=" " ind2=" ">
    <subfield code="a">lccopycat</subfield>
  </datafield>
  <datafield tag="050" ind1="0" ind2="0">
    <subfield code="a">CB245</subfield>
    <subfield code="b">.W52 2004</subfield>
  </datafield>
  <datafield tag="082" ind1="0" ind2="0">
    <subfield code="a">909/.09821</subfield>
    <subfield code="2">22</subfield>
  </datafield>
  <datafield tag="100" ind1="1" ind2=" ">
    <subfield code="a">Wiesner, Merry E.,</subfield>
    <subfield code="d">1952-</subfield>
  </datafield>
  <datafield tag="245" ind1="1" ind2="0">
    <subfield code="a">Discovering the Western past :</subfield>
    <subfield code="b">a look at the evidence /</subfield>
    <subfield code="c">Merry E. Wiesner, Julius R. Ruff, William Bruce Wheeler.</subfield>
  </datafield>
  <datafield tag="250" ind1=" " ind2=" ">
    <subfield code="a">5th ed.</subfield>
  </datafield>
  <datafield tag="260" ind1=" " ind2=" ">
    <subfield code="a">Boston :</subfield>
    <subfield code="b">Houghton Mifflin,</subfield>
    <subfield code="c">c2004.</subfield>
  </datafield>
  <datafield tag="300" ind1=" " ind2=" ">
    <subfield code="a">2 v. :</subfield>
    <subfield code="b">ill., maps ;</subfield>
    <subfield code="c">24 cm.</subfield>
  </datafield>
  <datafield tag="504" ind1=" " ind2=" ">
    <subfield code="a">Includes bibliographical references.</subfield>
  </datafield>
  <datafield tag="505" ind1="0" ind2=" ">
    <subfield code="a">v. 1. To 1789 -- v. 2. Since 1500.</subfield>
  </datafield>
  <datafield tag="650" ind1=" " ind2="0">
    <subfield code="a">Civilization, Western</subfield>
    <subfield code="x">History</subfield>
    <subfield code="v">Sources.</subfield>
  </datafield>
  <datafield tag="700" ind1="1" ind2=" ">
    <subfield code="a">Ruff, Julius R.</subfield>
    <subfield code="q">(Julius Ralph)</subfield>
  </datafield>
  <datafield tag="700" ind1="1" ind2=" ">
    <subfield code="a">Wheeler, William Bruce,</subfield>
    <subfield code="d">1939-</subfield>
  </datafield>
  <datafield tag="906" ind1=" " ind2=" ">
    <subfield code="a">7</subfield>
    <subfield code="b">cbc</subfield>
    <subfield code="c">copycat</subfield>
    <subfield code="d">2</subfield>
    <subfield code="e">epcn</subfield>
    <subfield code="f">20</subfield>
    <subfield code="g">y-gencatlg</subfield>
  </datafield>
  <datafield tag="942" ind1=" " ind2=" ">
    <subfield code="2">lcc</subfield>
    <subfield code="c">BK</subfield>
  </datafield>
  <datafield tag="999" ind1=" " ind2=" ">
    <subfield code="c">251264</subfield>
    <subfield code="d">251264</subfield>
  </datafield>
  <datafield tag="952" ind1=" " ind2=" ">
    <subfield code="0">0</subfield>
    <subfield code="1">0</subfield>
    <subfield code="2">lcc</subfield>
    <subfield code="4">0</subfield>
    <subfield code="7">0</subfield>
    <subfield code="8">NFIC</subfield>
    <subfield code="a">40404</subfield>
    <subfield code="b">40404</subfield>
    <subfield code="c">GEN</subfield>
    <subfield code="d">2015-11-12</subfield>
    <subfield code="l">2</subfield>
    <subfield code="o">CB245 .W52 2004</subfield>
    <subfield code="p">20155245</subfield>
    <subfield code="r">2018-07-15 00:00:00</subfield>
    <subfield code="s">2018-07-01</subfield>
    <subfield code="w">2015-11-12</subfield>
    <subfield code="y">BK</subfield>
  </datafield>
  <datafield tag="952" ind1=" " ind2=" ">
    <subfield code="0">0</subfield>
    <subfield code="1">0</subfield>
    <subfield code="2">lcc</subfield>
    <subfield code="4">0</subfield>
    <subfield code="7">0</subfield>
    <subfield code="8">NFIC</subfield>
    <subfield code="a">40404</subfield>
    <subfield code="b">40404</subfield>
    <subfield code="c">GEN</subfield>
    <subfield code="d">2016-05-09</subfield>
    <subfield code="l">0</subfield>
    <subfield code="o">CB245 .W52 2004</subfield>
    <subfield code="p">201511582</subfield>
    <subfield code="r">2016-05-09 00:00:00</subfield>
    <subfield code="w">2016-05-09</subfield>
    <subfield code="y">BK</subfield>
  </datafield>
  <datafield tag="952" ind1=" " ind2=" ">
    <subfield code="0">0</subfield>
    <subfield code="1">0</subfield>
    <subfield code="2">lcc</subfield>
    <subfield code="4">0</subfield>
    <subfield code="7">0</subfield>
    <subfield code="8">NFIC</subfield>
    <subfield code="a">40404</subfield>
    <subfield code="b">40404</subfield>
    <subfield code="c">GEN</subfield>
    <subfield code="d">2016-05-09</subfield>
    <subfield code="l">0</subfield>
    <subfield code="o">CB245 .W52 2004</subfield>
    <subfield code="p">201511583</subfield>
    <subfield code="r">2016-05-09 00:00:00</subfield>
    <subfield code="w">2016-05-09</subfield>
    <subfield code="y">BK</subfield>
  </datafield>
  <datafield tag="952" ind1=" " ind2=" ">
    <subfield code="0">0</subfield>
    <subfield code="1">0</subfield>
    <subfield code="2">lcc</subfield>
    <subfield code="4">0</subfield>
    <subfield code="7">0</subfield>
    <subfield code="8">NFIC</subfield>
    <subfield code="a">40404</subfield>
    <subfield code="b">40404</subfield>
    <subfield code="c">GEN</subfield>
    <subfield code="d">2016-05-09</subfield>
    <subfield code="l">0</subfield>
    <subfield code="o">CB245 .W52 2004</subfield>
    <subfield code="p">201511584</subfield>
    <subfield code="r">2016-05-09 00:00:00</subfield>
    <subfield code="w">2016-05-09</subfield>
    <subfield code="y">BK</subfield>
  </datafield>
  <datafield tag="952" ind1=" " ind2=" ">
    <subfield code="0">0</subfield>
    <subfield code="1">0</subfield>
    <subfield code="2">lcc</subfield>
    <subfield code="4">0</subfield>
    <subfield code="7">0</subfield>
    <subfield code="8">NFIC</subfield>
    <subfield code="a">40404</subfield>
    <subfield code="b">40404</subfield>
    <subfield code="c">GEN</subfield>
    <subfield code="d">2016-05-09</subfield>
    <subfield code="l">1</subfield>
    <subfield code="o">CB245 .W52 2004</subfield>
    <subfield code="p">201511585</subfield>
    <subfield code="r">2017-10-17 00:00:00</subfield>
    <subfield code="s">2017-10-03</subfield>
    <subfield code="w">2016-05-09</subfield>
    <subfield code="y">BK</subfield>
  </datafield>
  <datafield tag="952" ind1=" " ind2=" ">
    <subfield code="0">0</subfield>
    <subfield code="1">0</subfield>
    <subfield code="2">lcc</subfield>
    <subfield code="4">0</subfield>
    <subfield code="7">0</subfield>
    <subfield code="8">NFIC</subfield>
    <subfield code="a">40404</subfield>
    <subfield code="b">40404</subfield>
    <subfield code="c">GEN</subfield>
    <subfield code="d">2016-05-09</subfield>
    <subfield code="l">0</subfield>
    <subfield code="o">CB245 .W52 2004</subfield>
    <subfield code="p">201511586</subfield>
    <subfield code="r">2016-05-09 00:00:00</subfield>
    <subfield code="w">2016-05-09</subfield>
    <subfield code="y">BK</subfield>
  </datafield>
  <datafield tag="952" ind1=" " ind2=" ">
    <subfield code="0">0</subfield>
    <subfield code="1">0</subfield>
    <subfield code="2">lcc</subfield>
    <subfield code="4">0</subfield>
    <subfield code="7">0</subfield>
    <subfield code="8">NFIC</subfield>
    <subfield code="a">40404</subfield>
    <subfield code="b">40404</subfield>
    <subfield code="c">GEN</subfield>
    <subfield code="d">2016-05-09</subfield>
    <subfield code="l">0</subfield>
    <subfield code="o">CB245 .W52 2004</subfield>
    <subfield code="p">201511588</subfield>
    <subfield code="r">2016-05-09 00:00:00</subfield>
    <subfield code="w">2016-05-09</subfield>
    <subfield code="y">BK</subfield>
  </datafield>
  <datafield tag="952" ind1=" " ind2=" ">
    <subfield code="0">0</subfield>
    <subfield code="1">0</subfield>
    <subfield code="2">lcc</subfield>
    <subfield code="4">0</subfield>
    <subfield code="7">0</subfield>
    <subfield code="8">NFIC</subfield>
    <subfield code="a">40404</subfield>
    <subfield code="b">40404</subfield>
    <subfield code="c">GEN</subfield>
    <subfield code="d">2016-05-09</subfield>
    <subfield code="l">1</subfield>
    <subfield code="o">CB245 .W52 2004</subfield>
    <subfield code="p">201611632</subfield>
    <subfield code="r">2019-11-21 00:00:00</subfield>
    <subfield code="s">2019-10-24</subfield>
    <subfield code="w">2016-05-09</subfield>
    <subfield code="y">BK</subfield>
  </datafield>
  <datafield tag="952" ind1=" " ind2=" ">
    <subfield code="0">0</subfield>
    <subfield code="1">0</subfield>
    <subfield code="2">lcc</subfield>
    <subfield code="4">0</subfield>
    <subfield code="7">0</subfield>
    <subfield code="8">NFIC</subfield>
    <subfield code="a">40404</subfield>
    <subfield code="b">40404</subfield>
    <subfield code="c">GEN</subfield>
    <subfield code="d">2016-05-12</subfield>
    <subfield code="l">0</subfield>
    <subfield code="o">CB245 .W52 2004</subfield>
    <subfield code="p">201612181</subfield>
    <subfield code="r">2016-05-12 00:00:00</subfield>
    <subfield code="w">2016-05-12</subfield>
    <subfield code="y">BK</subfield>
  </datafield>
  <datafield tag="952" ind1=" " ind2=" ">
    <subfield code="0">0</subfield>
    <subfield code="1">0</subfield>
    <subfield code="2">lcc</subfield>
    <subfield code="4">0</subfield>
    <subfield code="7">0</subfield>
    <subfield code="8">NFIC</subfield>
    <subfield code="a">40404</subfield>
    <subfield code="b">40404</subfield>
    <subfield code="c">GEN</subfield>
    <subfield code="d">2016-05-12</subfield>
    <subfield code="l">0</subfield>
    <subfield code="o">CB245 .W52 2004</subfield>
    <subfield code="p">201612182</subfield>
    <subfield code="r">2016-05-12 00:00:00</subfield>
    <subfield code="w">2016-05-12</subfield>
    <subfield code="y">BK</subfield>
  </datafield>
  <datafield tag="952" ind1=" " ind2=" ">
    <subfield code="0">0</subfield>
    <subfield code="1">0</subfield>
    <subfield code="2">lcc</subfield>
    <subfield code="4">0</subfield>
    <subfield code="7">0</subfield>
    <subfield code="8">NFIC</subfield>
    <subfield code="a">40404</subfield>
    <subfield code="b">40404</subfield>
    <subfield code="c">GEN</subfield>
    <subfield code="d">2016-05-13</subfield>
    <subfield code="l">0</subfield>
    <subfield code="o">CB245 .W52 2004</subfield>
    <subfield code="p">20156249</subfield>
    <subfield code="r">2016-05-13 00:00:00</subfield>
    <subfield code="w">2016-05-13</subfield>
    <subfield code="y">BK</subfield>
  </datafield>
  <datafield tag="952" ind1=" " ind2=" ">
    <subfield code="0">0</subfield>
    <subfield code="1">0</subfield>
    <subfield code="2">lcc</subfield>
    <subfield code="4">0</subfield>
    <subfield code="7">0</subfield>
    <subfield code="8">NFIC</subfield>
    <subfield code="a">40404</subfield>
    <subfield code="b">40404</subfield>
    <subfield code="c">GEN</subfield>
    <subfield code="d">2016-08-23</subfield>
    <subfield code="l">0</subfield>
    <subfield code="o">CB245 .W52 2004</subfield>
    <subfield code="p">20156242</subfield>
    <subfield code="r">2016-08-23 00:00:00</subfield>
    <subfield code="w">2016-08-23</subfield>
    <subfield code="y">BK</subfield>
  </datafield>
  <datafield tag="952" ind1=" " ind2=" ">
    <subfield code="0">0</subfield>
    <subfield code="1">0</subfield>
    <subfield code="2">lcc</subfield>
    <subfield code="4">0</subfield>
    <subfield code="7">0</subfield>
    <subfield code="a">40404</subfield>
    <subfield code="b">40404</subfield>
    <subfield code="d">2016-09-19</subfield>
    <subfield code="l">0</subfield>
    <subfield code="o">CB245 .W52 2004</subfield>
    <subfield code="p">20168679</subfield>
    <subfield code="r">2016-09-19 00:00:00</subfield>
    <subfield code="w">2016-09-19</subfield>
    <subfield code="y">BK</subfield>
  </datafield>
  <datafield tag="952" ind1=" " ind2=" ">
    <subfield code="0">0</subfield>
    <subfield code="1">0</subfield>
    <subfield code="2">lcc</subfield>
    <subfield code="4">0</subfield>
    <subfield code="7">0</subfield>
    <subfield code="8">NFIC</subfield>
    <subfield code="a">40404</subfield>
    <subfield code="b">40404</subfield>
    <subfield code="c">GEN</subfield>
    <subfield code="d">2016-09-19</subfield>
    <subfield code="l">0</subfield>
    <subfield code="o">CB245 .W52 2004</subfield>
    <subfield code="p">201617543</subfield>
    <subfield code="r">2016-09-19 00:00:00</subfield>
    <subfield code="w">2016-09-19</subfield>
    <subfield code="y">BK</subfield>
  </datafield>
  <datafield tag="952" ind1=" " ind2=" ">
    <subfield code="0">0</subfield>
    <subfield code="1">0</subfield>
    <subfield code="2">lcc</subfield>
    <subfield code="4">0</subfield>
    <subfield code="7">0</subfield>
    <subfield code="8">NFIC</subfield>
    <subfield code="a">40404</subfield>
    <subfield code="b">40404</subfield>
    <subfield code="c">GEN</subfield>
    <subfield code="d">2017-01-11</subfield>
    <subfield code="l">0</subfield>
    <subfield code="o">CB245 .W52 2004</subfield>
    <subfield code="p">201616738</subfield>
    <subfield code="r">2017-01-11 00:00:00</subfield>
    <subfield code="w">2017-01-11</subfield>
    <subfield code="y">BK</subfield>
  </datafield>
  <datafield tag="952" ind1=" " ind2=" ">
    <subfield code="0">0</subfield>
    <subfield code="1">0</subfield>
    <subfield code="2">lcc</subfield>
    <subfield code="4">0</subfield>
    <subfield code="7">0</subfield>
    <subfield code="a">40404</subfield>
    <subfield code="b">40404</subfield>
    <subfield code="d">2017-01-11</subfield>
    <subfield code="l">0</subfield>
    <subfield code="o">CB245 .W52 2004</subfield>
    <subfield code="p">201616734</subfield>
    <subfield code="r">2017-01-11 00:00:00</subfield>
    <subfield code="w">2017-01-11</subfield>
    <subfield code="y">BK</subfield>
  </datafield>
  <datafield tag="952" ind1=" " ind2=" ">
    <subfield code="0">0</subfield>
    <subfield code="1">0</subfield>
    <subfield code="2">lcc</subfield>
    <subfield code="4">0</subfield>
    <subfield code="7">0</subfield>
    <subfield code="a">40404</subfield>
    <subfield code="b">40404</subfield>
    <subfield code="d">2017-01-11</subfield>
    <subfield code="l">0</subfield>
    <subfield code="o">CB245 .W52 2004</subfield>
    <subfield code="p">201616739</subfield>
    <subfield code="r">2017-01-11 00:00:00</subfield>
    <subfield code="w">2017-01-11</subfield>
    <subfield code="y">BK</subfield>
  </datafield>
  <datafield tag="952" ind1=" " ind2=" ">
    <subfield code="0">0</subfield>
    <subfield code="1">0</subfield>
    <subfield code="2">lcc</subfield>
    <subfield code="4">0</subfield>
    <subfield code="7">0</subfield>
    <subfield code="a">40404</subfield>
    <subfield code="b">40404</subfield>
    <subfield code="d">2017-01-11</subfield>
    <subfield code="l">0</subfield>
    <subfield code="o">CB245 .W52 2004</subfield>
    <subfield code="p">201616737</subfield>
    <subfield code="r">2017-01-11 00:00:00</subfield>
    <subfield code="w">2017-01-11</subfield>
    <subfield code="y">BK</subfield>
  </datafield>
  <datafield tag="952" ind1=" " ind2=" ">
    <subfield code="0">0</subfield>
    <subfield code="1">0</subfield>
    <subfield code="2">lcc</subfield>
    <subfield code="4">0</subfield>
    <subfield code="7">0</subfield>
    <subfield code="a">40404</subfield>
    <subfield code="b">40404</subfield>
    <subfield code="c">GEN</subfield>
    <subfield code="d">2017-01-11</subfield>
    <subfield code="l">0</subfield>
    <subfield code="o">CB245 .W52 2004</subfield>
    <subfield code="p">201616733</subfield>
    <subfield code="r">2017-01-11 00:00:00</subfield>
    <subfield code="w">2017-01-11</subfield>
    <subfield code="y">BK</subfield>
  </datafield>
  <datafield tag="952" ind1=" " ind2=" ">
    <subfield code="0">0</subfield>
    <subfield code="1">0</subfield>
    <subfield code="2">lcc</subfield>
    <subfield code="4">0</subfield>
    <subfield code="7">0</subfield>
    <subfield code="8">NFIC</subfield>
    <subfield code="a">40404</subfield>
    <subfield code="b">40404</subfield>
    <subfield code="c">GEN</subfield>
    <subfield code="d">2017-02-08</subfield>
    <subfield code="l">0</subfield>
    <subfield code="o">CB245 .W52 2004</subfield>
    <subfield code="p">201616732</subfield>
    <subfield code="r">2017-02-08 00:00:00</subfield>
    <subfield code="w">2017-02-08</subfield>
    <subfield code="y">BK</subfield>
  </datafield>
  <datafield tag="952" ind1=" " ind2=" ">
    <subfield code="0">0</subfield>
    <subfield code="1">0</subfield>
    <subfield code="2">lcc</subfield>
    <subfield code="4">0</subfield>
    <subfield code="7">0</subfield>
    <subfield code="8">NFIC</subfield>
    <subfield code="a">40404</subfield>
    <subfield code="b">40404</subfield>
    <subfield code="c">GEN</subfield>
    <subfield code="d">2017-02-08</subfield>
    <subfield code="l">0</subfield>
    <subfield code="o">CB245 .W52 2004</subfield>
    <subfield code="p">201616731</subfield>
    <subfield code="r">2017-02-08 00:00:00</subfield>
    <subfield code="w">2017-02-08</subfield>
    <subfield code="y">BK</subfield>
  </datafield>
  <datafield tag="952" ind1=" " ind2=" ">
    <subfield code="0">0</subfield>
    <subfield code="1">0</subfield>
    <subfield code="2">lcc</subfield>
    <subfield code="4">0</subfield>
    <subfield code="7">0</subfield>
    <subfield code="8">NFIC</subfield>
    <subfield code="a">40404</subfield>
    <subfield code="b">40404</subfield>
    <subfield code="c">GEN</subfield>
    <subfield code="d">2017-02-08</subfield>
    <subfield code="l">0</subfield>
    <subfield code="o">CB245 .W52 2004</subfield>
    <subfield code="p">201616730</subfield>
    <subfield code="r">2017-02-08 00:00:00</subfield>
    <subfield code="w">2017-02-08</subfield>
    <subfield code="y">BK</subfield>
  </datafield>
  <datafield tag="952" ind1=" " ind2=" ">
    <subfield code="0">0</subfield>
    <subfield code="1">0</subfield>
    <subfield code="2">lcc</subfield>
    <subfield code="4">0</subfield>
    <subfield code="7">0</subfield>
    <subfield code="a">40404</subfield>
    <subfield code="b">40404</subfield>
    <subfield code="d">2017-02-08</subfield>
    <subfield code="l">0</subfield>
    <subfield code="o">CB245 .W52 2004</subfield>
    <subfield code="p">201617421</subfield>
    <subfield code="r">2017-02-08 00:00:00</subfield>
    <subfield code="w">2017-02-08</subfield>
    <subfield code="y">BK</subfield>
  </datafield>
  <datafield tag="952" ind1=" " ind2=" ">
    <subfield code="0">0</subfield>
    <subfield code="1">0</subfield>
    <subfield code="2">lcc</subfield>
    <subfield code="4">0</subfield>
    <subfield code="7">0</subfield>
    <subfield code="8">NFIC</subfield>
    <subfield code="a">40404</subfield>
    <subfield code="b">40404</subfield>
    <subfield code="c">GEN</subfield>
    <subfield code="d">2017-02-08</subfield>
    <subfield code="l">0</subfield>
    <subfield code="o">CB245 .W52 2004</subfield>
    <subfield code="p">201616729</subfield>
    <subfield code="r">2017-02-08 00:00:00</subfield>
    <subfield code="w">2017-02-08</subfield>
    <subfield code="y">BK</subfield>
  </datafield>
  <datafield tag="952" ind1=" " ind2=" ">
    <subfield code="0">0</subfield>
    <subfield code="1">0</subfield>
    <subfield code="2">lcc</subfield>
    <subfield code="4">0</subfield>
    <subfield code="7">0</subfield>
    <subfield code="a">40404</subfield>
    <subfield code="b">40404</subfield>
    <subfield code="c">GEN</subfield>
    <subfield code="d">2017-02-08</subfield>
    <subfield code="l">0</subfield>
    <subfield code="o">CB245 .W52 2004</subfield>
    <subfield code="p">201616764</subfield>
    <subfield code="r">2017-02-08 00:00:00</subfield>
    <subfield code="w">2017-02-08</subfield>
    <subfield code="y">BK</subfield>
  </datafield>
  <datafield tag="952" ind1=" " ind2=" ">
    <subfield code="0">0</subfield>
    <subfield code="1">0</subfield>
    <subfield code="2">lcc</subfield>
    <subfield code="4">0</subfield>
    <subfield code="7">0</subfield>
    <subfield code="8">NFIC</subfield>
    <subfield code="a">40404</subfield>
    <subfield code="b">40404</subfield>
    <subfield code="c">GEN</subfield>
    <subfield code="d">2017-02-27</subfield>
    <subfield code="l">0</subfield>
    <subfield code="o">CB245 .W52 2004</subfield>
    <subfield code="p">201614769</subfield>
    <subfield code="r">2017-02-27 00:00:00</subfield>
    <subfield code="w">2017-02-27</subfield>
    <subfield code="y">BK</subfield>
  </datafield>
  <datafield tag="952" ind1=" " ind2=" ">
    <subfield code="0">0</subfield>
    <subfield code="1">0</subfield>
    <subfield code="2">lcc</subfield>
    <subfield code="4">0</subfield>
    <subfield code="7">0</subfield>
    <subfield code="a">40404</subfield>
    <subfield code="b">40404</subfield>
    <subfield code="d">2017-03-01</subfield>
    <subfield code="l">0</subfield>
    <subfield code="o">CB245 .W52 2004</subfield>
    <subfield code="p">201618370</subfield>
    <subfield code="r">2017-03-01 00:00:00</subfield>
    <subfield code="w">2017-03-01</subfield>
    <subfield code="y">BK</subfield>
  </datafield>
  <datafield tag="952" ind1=" " ind2=" ">
    <subfield code="0">0</subfield>
    <subfield code="1">0</subfield>
    <subfield code="2">lcc</subfield>
    <subfield code="4">0</subfield>
    <subfield code="7">0</subfield>
    <subfield code="8">NFIC</subfield>
    <subfield code="a">40404</subfield>
    <subfield code="b">40404</subfield>
    <subfield code="c">GEN</subfield>
    <subfield code="d">2017-03-01</subfield>
    <subfield code="l">0</subfield>
    <subfield code="o">CB245 .W52 2004</subfield>
    <subfield code="p">201615363</subfield>
    <subfield code="r">2017-03-01 00:00:00</subfield>
    <subfield code="w">2017-03-01</subfield>
    <subfield code="y">BK</subfield>
  </datafield>
  <datafield tag="952" ind1=" " ind2=" ">
    <subfield code="0">0</subfield>
    <subfield code="1">0</subfield>
    <subfield code="2">lcc</subfield>
    <subfield code="4">0</subfield>
    <subfield code="7">0</subfield>
    <subfield code="8">NFIC</subfield>
    <subfield code="a">40404</subfield>
    <subfield code="b">40404</subfield>
    <subfield code="c">GEN</subfield>
    <subfield code="d">2017-03-01</subfield>
    <subfield code="l">0</subfield>
    <subfield code="o">CB245 .W52 2004</subfield>
    <subfield code="p">201615368</subfield>
    <subfield code="r">2017-03-01 00:00:00</subfield>
    <subfield code="w">2017-03-01</subfield>
    <subfield code="y">BK</subfield>
  </datafield>
  <datafield tag="952" ind1=" " ind2=" ">
    <subfield code="0">0</subfield>
    <subfield code="1">0</subfield>
    <subfield code="2">lcc</subfield>
    <subfield code="4">0</subfield>
    <subfield code="7">0</subfield>
    <subfield code="8">NFIC</subfield>
    <subfield code="a">40404</subfield>
    <subfield code="b">40404</subfield>
    <subfield code="c">GEN</subfield>
    <subfield code="d">2017-03-01</subfield>
    <subfield code="l">0</subfield>
    <subfield code="o">CB245 .W52 2004</subfield>
    <subfield code="p">201615369</subfield>
    <subfield code="r">2017-03-01 00:00:00</subfield>
    <subfield code="w">2017-03-01</subfield>
    <subfield code="y">BK</subfield>
  </datafield>
  <datafield tag="952" ind1=" " ind2=" ">
    <subfield code="0">0</subfield>
    <subfield code="1">0</subfield>
    <subfield code="2">lcc</subfield>
    <subfield code="4">0</subfield>
    <subfield code="7">0</subfield>
    <subfield code="a">40404</subfield>
    <subfield code="b">40404</subfield>
    <subfield code="d">2017-03-02</subfield>
    <subfield code="l">0</subfield>
    <subfield code="o">CB245 .W52 2004</subfield>
    <subfield code="p">20155259</subfield>
    <subfield code="r">2017-03-02 00:00:00</subfield>
    <subfield code="w">2017-03-02</subfield>
    <subfield code="y">BK</subfield>
  </datafield>
  <datafield tag="952" ind1=" " ind2=" ">
    <subfield code="0">0</subfield>
    <subfield code="1">0</subfield>
    <subfield code="2">lcc</subfield>
    <subfield code="4">0</subfield>
    <subfield code="7">0</subfield>
    <subfield code="a">40404</subfield>
    <subfield code="b">40404</subfield>
    <subfield code="d">2017-03-02</subfield>
    <subfield code="l">0</subfield>
    <subfield code="o">CB245 .W52 2004</subfield>
    <subfield code="p">201700036</subfield>
    <subfield code="r">2017-03-02 00:00:00</subfield>
    <subfield code="w">2017-03-02</subfield>
    <subfield code="y">BK</subfield>
  </datafield>
  <datafield tag="952" ind1=" " ind2=" ">
    <subfield code="0">0</subfield>
    <subfield code="1">0</subfield>
    <subfield code="2">lcc</subfield>
    <subfield code="4">0</subfield>
    <subfield code="7">0</subfield>
    <subfield code="8">NFIC</subfield>
    <subfield code="a">40404</subfield>
    <subfield code="b">40404</subfield>
    <subfield code="c">GEN</subfield>
    <subfield code="d">2017-03-02</subfield>
    <subfield code="l">0</subfield>
    <subfield code="o">CB245 .W52 2004</subfield>
    <subfield code="p">20155258</subfield>
    <subfield code="r">2017-03-02 00:00:00</subfield>
    <subfield code="w">2017-03-02</subfield>
    <subfield code="y">BK</subfield>
  </datafield>
  <datafield tag="952" ind1=" " ind2=" ">
    <subfield code="0">0</subfield>
    <subfield code="1">0</subfield>
    <subfield code="2">lcc</subfield>
    <subfield code="4">0</subfield>
    <subfield code="7">0</subfield>
    <subfield code="8">NFIC</subfield>
    <subfield code="a">40404</subfield>
    <subfield code="b">40404</subfield>
    <subfield code="c">GEN</subfield>
    <subfield code="d">2017-03-07</subfield>
    <subfield code="l">0</subfield>
    <subfield code="o">CB245 .W52 2004</subfield>
    <subfield code="p">201615877</subfield>
    <subfield code="r">2017-03-07 00:00:00</subfield>
    <subfield code="w">2017-03-07</subfield>
    <subfield code="y">BK</subfield>
  </datafield>
  <datafield tag="952" ind1=" " ind2=" ">
    <subfield code="0">0</subfield>
    <subfield code="1">0</subfield>
    <subfield code="2">lcc</subfield>
    <subfield code="4">0</subfield>
    <subfield code="7">0</subfield>
    <subfield code="8">NFIC</subfield>
    <subfield code="a">40404</subfield>
    <subfield code="b">40404</subfield>
    <subfield code="c">GEN</subfield>
    <subfield code="d">2017-03-10</subfield>
    <subfield code="l">0</subfield>
    <subfield code="o">CB245 .W52 2004</subfield>
    <subfield code="p">201616886</subfield>
    <subfield code="r">2017-03-10 00:00:00</subfield>
    <subfield code="w">2017-03-10</subfield>
    <subfield code="y">BK</subfield>
  </datafield>
  <datafield tag="952" ind1=" " ind2=" ">
    <subfield code="0">0</subfield>
    <subfield code="1">0</subfield>
    <subfield code="2">lcc</subfield>
    <subfield code="4">0</subfield>
    <subfield code="7">0</subfield>
    <subfield code="8">NFIC</subfield>
    <subfield code="a">40404</subfield>
    <subfield code="b">40404</subfield>
    <subfield code="c">GEN</subfield>
    <subfield code="d">2017-03-10</subfield>
    <subfield code="l">0</subfield>
    <subfield code="o">CB245 .W52 2004</subfield>
    <subfield code="p">201616882</subfield>
    <subfield code="r">2017-03-10 00:00:00</subfield>
    <subfield code="w">2017-03-10</subfield>
    <subfield code="y">BK</subfield>
  </datafield>
  <datafield tag="952" ind1=" " ind2=" ">
    <subfield code="0">0</subfield>
    <subfield code="1">0</subfield>
    <subfield code="2">lcc</subfield>
    <subfield code="4">0</subfield>
    <subfield code="7">0</subfield>
    <subfield code="8">NFIC</subfield>
    <subfield code="a">40404</subfield>
    <subfield code="b">40404</subfield>
    <subfield code="c">GEN</subfield>
    <subfield code="d">2017-03-10</subfield>
    <subfield code="l">0</subfield>
    <subfield code="o">CB245 .W52 2004</subfield>
    <subfield code="p">201616879</subfield>
    <subfield code="r">2017-03-10 00:00:00</subfield>
    <subfield code="w">2017-03-10</subfield>
    <subfield code="y">BK</subfield>
  </datafield>
  <datafield tag="952" ind1=" " ind2=" ">
    <subfield code="0">0</subfield>
    <subfield code="1">0</subfield>
    <subfield code="2">lcc</subfield>
    <subfield code="4">0</subfield>
    <subfield code="7">0</subfield>
    <subfield code="8">NFIC</subfield>
    <subfield code="a">40404</subfield>
    <subfield code="b">40404</subfield>
    <subfield code="c">GEN</subfield>
    <subfield code="d">2017-03-10</subfield>
    <subfield code="l">0</subfield>
    <subfield code="o">CB245 .W52 2004</subfield>
    <subfield code="p">201616736</subfield>
    <subfield code="r">2017-03-10 00:00:00</subfield>
    <subfield code="w">2017-03-10</subfield>
    <subfield code="y">BK</subfield>
  </datafield>
  <datafield tag="952" ind1=" " ind2=" ">
    <subfield code="0">0</subfield>
    <subfield code="1">0</subfield>
    <subfield code="2">lcc</subfield>
    <subfield code="4">0</subfield>
    <subfield code="7">0</subfield>
    <subfield code="8">NFIC</subfield>
    <subfield code="a">40404</subfield>
    <subfield code="b">40404</subfield>
    <subfield code="c">GEN</subfield>
    <subfield code="d">2017-03-10</subfield>
    <subfield code="l">0</subfield>
    <subfield code="o">CB245 .W52 2004</subfield>
    <subfield code="p">201616883</subfield>
    <subfield code="r">2017-03-10 00:00:00</subfield>
    <subfield code="w">2017-03-10</subfield>
    <subfield code="y">BK</subfield>
  </datafield>
  <datafield tag="952" ind1=" " ind2=" ">
    <subfield code="0">0</subfield>
    <subfield code="1">0</subfield>
    <subfield code="2">lcc</subfield>
    <subfield code="4">0</subfield>
    <subfield code="7">0</subfield>
    <subfield code="8">NFIC</subfield>
    <subfield code="a">40404</subfield>
    <subfield code="b">40404</subfield>
    <subfield code="c">GEN</subfield>
    <subfield code="d">2017-03-10</subfield>
    <subfield code="l">0</subfield>
    <subfield code="o">CB245 .W52 2004</subfield>
    <subfield code="p">201616894</subfield>
    <subfield code="r">2017-03-10 00:00:00</subfield>
    <subfield code="w">2017-03-10</subfield>
    <subfield code="y">BK</subfield>
  </datafield>
  <datafield tag="952" ind1=" " ind2=" ">
    <subfield code="0">0</subfield>
    <subfield code="1">0</subfield>
    <subfield code="2">lcc</subfield>
    <subfield code="4">0</subfield>
    <subfield code="7">0</subfield>
    <subfield code="8">NFIC</subfield>
    <subfield code="a">40404</subfield>
    <subfield code="b">40404</subfield>
    <subfield code="c">GEN</subfield>
    <subfield code="d">2017-03-10</subfield>
    <subfield code="l">0</subfield>
    <subfield code="o">CB245 .W52 2004</subfield>
    <subfield code="p">201616887</subfield>
    <subfield code="r">2017-03-10 00:00:00</subfield>
    <subfield code="w">2017-03-10</subfield>
    <subfield code="y">BK</subfield>
  </datafield>
  <datafield tag="952" ind1=" " ind2=" ">
    <subfield code="0">0</subfield>
    <subfield code="1">0</subfield>
    <subfield code="2">lcc</subfield>
    <subfield code="4">0</subfield>
    <subfield code="7">0</subfield>
    <subfield code="8">NFIC</subfield>
    <subfield code="a">40404</subfield>
    <subfield code="b">40404</subfield>
    <subfield code="c">GEN</subfield>
    <subfield code="d">2017-03-10</subfield>
    <subfield code="l">0</subfield>
    <subfield code="o">CB245 .W52 2004</subfield>
    <subfield code="p">201616884</subfield>
    <subfield code="r">2017-03-10 00:00:00</subfield>
    <subfield code="w">2017-03-10</subfield>
    <subfield code="y">BK</subfield>
  </datafield>
  <datafield tag="952" ind1=" " ind2=" ">
    <subfield code="0">0</subfield>
    <subfield code="1">0</subfield>
    <subfield code="2">lcc</subfield>
    <subfield code="4">0</subfield>
    <subfield code="7">0</subfield>
    <subfield code="8">NFIC</subfield>
    <subfield code="a">40404</subfield>
    <subfield code="b">40404</subfield>
    <subfield code="c">GEN</subfield>
    <subfield code="d">2017-03-10</subfield>
    <subfield code="l">0</subfield>
    <subfield code="o">CB245 .W52 2004</subfield>
    <subfield code="p">201616735</subfield>
    <subfield code="r">2017-03-10 00:00:00</subfield>
    <subfield code="w">2017-03-10</subfield>
    <subfield code="y">BK</subfield>
  </datafield>
  <datafield tag="952" ind1=" " ind2=" ">
    <subfield code="0">0</subfield>
    <subfield code="1">0</subfield>
    <subfield code="2">lcc</subfield>
    <subfield code="4">0</subfield>
    <subfield code="7">0</subfield>
    <subfield code="8">NFIC</subfield>
    <subfield code="a">40404</subfield>
    <subfield code="b">40404</subfield>
    <subfield code="c">GEN</subfield>
    <subfield code="d">2017-03-10</subfield>
    <subfield code="l">0</subfield>
    <subfield code="o">CB245 .W52 2004</subfield>
    <subfield code="p">201616890</subfield>
    <subfield code="r">2017-03-10 00:00:00</subfield>
    <subfield code="w">2017-03-10</subfield>
    <subfield code="y">BK</subfield>
  </datafield>
  <datafield tag="952" ind1=" " ind2=" ">
    <subfield code="0">0</subfield>
    <subfield code="1">0</subfield>
    <subfield code="2">lcc</subfield>
    <subfield code="4">0</subfield>
    <subfield code="7">0</subfield>
    <subfield code="8">NFIC</subfield>
    <subfield code="a">40404</subfield>
    <subfield code="b">40404</subfield>
    <subfield code="c">GEN</subfield>
    <subfield code="d">2017-03-10</subfield>
    <subfield code="l">0</subfield>
    <subfield code="o">CB245 .W52 2004</subfield>
    <subfield code="p">201616889</subfield>
    <subfield code="r">2017-03-10 00:00:00</subfield>
    <subfield code="w">2017-03-10</subfield>
    <subfield code="y">BK</subfield>
  </datafield>
  <datafield tag="952" ind1=" " ind2=" ">
    <subfield code="0">0</subfield>
    <subfield code="1">0</subfield>
    <subfield code="2">lcc</subfield>
    <subfield code="4">0</subfield>
    <subfield code="7">0</subfield>
    <subfield code="8">NFIC</subfield>
    <subfield code="a">40404</subfield>
    <subfield code="b">40404</subfield>
    <subfield code="c">GEN</subfield>
    <subfield code="d">2017-03-10</subfield>
    <subfield code="l">0</subfield>
    <subfield code="o">CB245 .W52 2004</subfield>
    <subfield code="p">201616878</subfield>
    <subfield code="r">2017-03-10 00:00:00</subfield>
    <subfield code="w">2017-03-10</subfield>
    <subfield code="y">BK</subfield>
  </datafield>
  <datafield tag="952" ind1=" " ind2=" ">
    <subfield code="0">0</subfield>
    <subfield code="1">0</subfield>
    <subfield code="2">lcc</subfield>
    <subfield code="4">0</subfield>
    <subfield code="7">0</subfield>
    <subfield code="8">NFIC</subfield>
    <subfield code="a">40404</subfield>
    <subfield code="b">40404</subfield>
    <subfield code="c">GEN</subfield>
    <subfield code="d">2017-05-29</subfield>
    <subfield code="l">0</subfield>
    <subfield code="o">CB245 .W52 2004</subfield>
    <subfield code="p">20168661</subfield>
    <subfield code="r">2017-05-29 00:00:00</subfield>
    <subfield code="w">2017-05-29</subfield>
    <subfield code="y">BK</subfield>
  </datafield>
  <datafield tag="952" ind1=" " ind2=" ">
    <subfield code="0">0</subfield>
    <subfield code="1">0</subfield>
    <subfield code="2">lcc</subfield>
    <subfield code="4">0</subfield>
    <subfield code="7">0</subfield>
    <subfield code="8">NFIC</subfield>
    <subfield code="a">40404</subfield>
    <subfield code="b">40404</subfield>
    <subfield code="c">GEN</subfield>
    <subfield code="d">2017-05-29</subfield>
    <subfield code="l">0</subfield>
    <subfield code="o">CB245 .W52 2004</subfield>
    <subfield code="p">20168652</subfield>
    <subfield code="r">2017-05-29 00:00:00</subfield>
    <subfield code="w">2017-05-29</subfield>
    <subfield code="y">BK</subfield>
  </datafield>
  <datafield tag="952" ind1=" " ind2=" ">
    <subfield code="0">0</subfield>
    <subfield code="1">0</subfield>
    <subfield code="2">lcc</subfield>
    <subfield code="4">0</subfield>
    <subfield code="7">0</subfield>
    <subfield code="8">NFIC</subfield>
    <subfield code="a">40404</subfield>
    <subfield code="b">40404</subfield>
    <subfield code="c">GEN</subfield>
    <subfield code="d">2017-05-29</subfield>
    <subfield code="l">0</subfield>
    <subfield code="o">CB245 .W52 2004</subfield>
    <subfield code="p">20168648</subfield>
    <subfield code="r">2017-05-29 00:00:00</subfield>
    <subfield code="w">2017-05-29</subfield>
    <subfield code="y">BK</subfield>
  </datafield>
  <datafield tag="952" ind1=" " ind2=" ">
    <subfield code="0">0</subfield>
    <subfield code="1">0</subfield>
    <subfield code="2">lcc</subfield>
    <subfield code="4">0</subfield>
    <subfield code="7">0</subfield>
    <subfield code="8">NFIC</subfield>
    <subfield code="a">40404</subfield>
    <subfield code="b">40404</subfield>
    <subfield code="c">GEN</subfield>
    <subfield code="d">2017-05-29</subfield>
    <subfield code="l">0</subfield>
    <subfield code="o">CB245 .W52 2004</subfield>
    <subfield code="p">20168675</subfield>
    <subfield code="r">2017-05-29 00:00:00</subfield>
    <subfield code="w">2017-05-29</subfield>
    <subfield code="y">BK</subfield>
  </datafield>
  <datafield tag="952" ind1=" " ind2=" ">
    <subfield code="0">0</subfield>
    <subfield code="1">0</subfield>
    <subfield code="2">lcc</subfield>
    <subfield code="4">0</subfield>
    <subfield code="7">0</subfield>
    <subfield code="8">NFIC</subfield>
    <subfield code="a">40404</subfield>
    <subfield code="b">40404</subfield>
    <subfield code="c">GEN</subfield>
    <subfield code="d">2017-05-29</subfield>
    <subfield code="l">0</subfield>
    <subfield code="o">CB245 .W52 2004</subfield>
    <subfield code="p">20168667</subfield>
    <subfield code="r">2017-05-29 00:00:00</subfield>
    <subfield code="w">2017-05-29</subfield>
    <subfield code="y">BK</subfield>
  </datafield>
  <datafield tag="952" ind1=" " ind2=" ">
    <subfield code="0">0</subfield>
    <subfield code="1">0</subfield>
    <subfield code="2">lcc</subfield>
    <subfield code="4">0</subfield>
    <subfield code="7">0</subfield>
    <subfield code="8">NFIC</subfield>
    <subfield code="a">40404</subfield>
    <subfield code="b">40404</subfield>
    <subfield code="c">GEN</subfield>
    <subfield code="d">2017-05-29</subfield>
    <subfield code="l">0</subfield>
    <subfield code="o">CB245 .W52 2004</subfield>
    <subfield code="p">20168649X</subfield>
    <subfield code="r">2017-05-29 00:00:00</subfield>
    <subfield code="w">2017-05-29</subfield>
    <subfield code="y">BK</subfield>
  </datafield>
  <datafield tag="952" ind1=" " ind2=" ">
    <subfield code="0">0</subfield>
    <subfield code="1">0</subfield>
    <subfield code="2">lcc</subfield>
    <subfield code="4">0</subfield>
    <subfield code="7">0</subfield>
    <subfield code="a">40404</subfield>
    <subfield code="b">40404</subfield>
    <subfield code="d">2020-07-30</subfield>
    <subfield code="l">0</subfield>
    <subfield code="o">CB245 .W52 2004</subfield>
    <subfield code="p">201617540</subfield>
    <subfield code="r">2020-07-30 00:00:00</subfield>
    <subfield code="w">2020-07-30</subfield>
    <subfield code="y">BK</subfield>
  </datafield>
  <datafield tag="952" ind1=" " ind2=" ">
    <subfield code="0">0</subfield>
    <subfield code="1">0</subfield>
    <subfield code="2">lcc</subfield>
    <subfield code="4">0</subfield>
    <subfield code="7">0</subfield>
    <subfield code="a">40404</subfield>
    <subfield code="b">40404</subfield>
    <subfield code="d">2020-07-30</subfield>
    <subfield code="l">0</subfield>
    <subfield code="o">CB245 .W52 2004</subfield>
    <subfield code="p">201617546</subfield>
    <subfield code="r">2020-07-30 00:00:00</subfield>
    <subfield code="w">2020-07-30</subfield>
    <subfield code="y">BK</subfield>
  </datafield>
  <datafield tag="952" ind1=" " ind2=" ">
    <subfield code="0">0</subfield>
    <subfield code="1">0</subfield>
    <subfield code="2">lcc</subfield>
    <subfield code="4">0</subfield>
    <subfield code="7">0</subfield>
    <subfield code="a">40404</subfield>
    <subfield code="b">40404</subfield>
    <subfield code="d">2020-07-30</subfield>
    <subfield code="l">0</subfield>
    <subfield code="o">CB245 .W52 2004</subfield>
    <subfield code="p">201617544</subfield>
    <subfield code="r">2020-07-30 00:00:00</subfield>
    <subfield code="w">2020-07-30</subfield>
    <subfield code="y">BK</subfield>
  </datafield>
  <datafield tag="952" ind1=" " ind2=" ">
    <subfield code="0">0</subfield>
    <subfield code="1">0</subfield>
    <subfield code="2">lcc</subfield>
    <subfield code="4">0</subfield>
    <subfield code="7">0</subfield>
    <subfield code="a">40404</subfield>
    <subfield code="b">40404</subfield>
    <subfield code="d">2020-07-30</subfield>
    <subfield code="l">0</subfield>
    <subfield code="o">CB245 .W52 2004</subfield>
    <subfield code="p">201617556</subfield>
    <subfield code="r">2020-07-30 00:00:00</subfield>
    <subfield code="w">2020-07-30</subfield>
    <subfield code="y">BK</subfield>
  </datafield>
  <datafield tag="952" ind1=" " ind2=" ">
    <subfield code="0">0</subfield>
    <subfield code="1">0</subfield>
    <subfield code="2">lcc</subfield>
    <subfield code="4">0</subfield>
    <subfield code="7">0</subfield>
    <subfield code="a">40404</subfield>
    <subfield code="b">40404</subfield>
    <subfield code="d">2020-07-30</subfield>
    <subfield code="l">0</subfield>
    <subfield code="o">CB245 .W52 2004</subfield>
    <subfield code="p">20190295</subfield>
    <subfield code="r">2020-07-30 00:00:00</subfield>
    <subfield code="w">2020-07-30</subfield>
    <subfield code="y">BK</subfield>
  </datafield>
  <datafield tag="952" ind1=" " ind2=" ">
    <subfield code="0">0</subfield>
    <subfield code="1">0</subfield>
    <subfield code="2">lcc</subfield>
    <subfield code="4">0</subfield>
    <subfield code="7">0</subfield>
    <subfield code="8">NFIC</subfield>
    <subfield code="a">40404</subfield>
    <subfield code="b">40404</subfield>
    <subfield code="c">GEN</subfield>
    <subfield code="d">2020-07-30</subfield>
    <subfield code="l">0</subfield>
    <subfield code="o">CB245 .W52 2004</subfield>
    <subfield code="p">201617533</subfield>
    <subfield code="r">2020-07-30 00:00:00</subfield>
    <subfield code="w">2020-07-30</subfield>
    <subfield code="y">BK</subfield>
  </datafield>
  <datafield tag="952" ind1=" " ind2=" ">
    <subfield code="0">0</subfield>
    <subfield code="1">0</subfield>
    <subfield code="2">lcc</subfield>
    <subfield code="4">0</subfield>
    <subfield code="7">0</subfield>
    <subfield code="8">NFIC</subfield>
    <subfield code="a">40404</subfield>
    <subfield code="b">40404</subfield>
    <subfield code="c">GEN</subfield>
    <subfield code="d">2020-07-30</subfield>
    <subfield code="l">0</subfield>
    <subfield code="o">CB245 .W52 2004</subfield>
    <subfield code="p">201617531</subfield>
    <subfield code="r">2020-07-30 00:00:00</subfield>
    <subfield code="w">2020-07-30</subfield>
    <subfield code="y">BK</subfield>
  </datafield>
  <datafield tag="952" ind1=" " ind2=" ">
    <subfield code="0">0</subfield>
    <subfield code="1">0</subfield>
    <subfield code="2">lcc</subfield>
    <subfield code="4">0</subfield>
    <subfield code="7">0</subfield>
    <subfield code="8">NFIC</subfield>
    <subfield code="a">40404</subfield>
    <subfield code="b">40404</subfield>
    <subfield code="c">GEN</subfield>
    <subfield code="d">2020-07-30</subfield>
    <subfield code="l">0</subfield>
    <subfield code="o">CB245 .W52 2004</subfield>
    <subfield code="p">201617527</subfield>
    <subfield code="r">2020-07-30 00:00:00</subfield>
    <subfield code="w">2020-07-30</subfield>
    <subfield code="y">BK</subfield>
  </datafield>
</record>
